1233 1122 1713 1055 1995 1084 1994 1286 1812 1337 1796 1056 1368 1248 1060 1885 1603 1649 1752 1151 1222 1789 1549 1678 1738 1651 1414 1586 1821 1344 1223 1174 1236 1141 1528 1734 1528 1965 1599 1437 1657 1870 1795 1853 1289 1496 1425 1338 1494 1649 1772 1771 1906 1376 1378 1841 1902 1106 1165 1311 1154 1967 1478 1241 1784 1994 1273 1856 1500 1684 1044 1914 1235 1642 1979 1855 1761 1713 1126 1211 1845 1466 1970 1298 1553 1348 1507 1544 1281 1141 1139 1393 1818 1140 1060 1855 1556 1023 1643 BCNSPRNW ULIB Ver.6.0+V

เปลี่ยนเป็นภาษาไทย

Change to English
 แสดงรายละเอียดบรรณานุกรม
  กลับหน้าหลัก

Brief Record : Get Marc (ISO 2709) : E-mail record : QR code < ปิดหน้าต่าง
LEADER : 00000nam 2200000uu 4500
001    13399123636
003     ULIB
008    141021s2551||||th 000 0 tha d
020    ^a9749749450167
090    ^aนว.^bฬ111ด
100    ^aฬีฬา
245    ^aนางฟ้าในดวงใจ/^cฬีฬา
250    ^aพิมพ์ครั้งที่ 1
260    ^aกรุงเทพฯ :^bยาหยี-ยาใจ,^c2551
300    ^a292 หน้า
710 1  ^aยาหยี-ยาใจ
945    ^p390^l0^i21449
995    ^aทศพร
999    ^aทศพร เกษรทอง
รายการนี้ยังไม่มีแท็ก
คุณยังไม่ได้ล็อกอิน คุณสามารถมีกิจกรรมร่วมกับเว็บไซต์ได้ แต่ต้องล็อกอินก่อน ::
  ล็อกอิน

รายการสื่อสารสนเทศ

ลำดับที่ ประเภท เลขเรียก/บาร์โค้ด สถานที่ สถานะ
1. นวนิยาย
นวนิยาย
นว. ฬ111ด ฉ.1 
  Barcode: 21449
ห้องสมุดวิทยาเขตนครสวรรค์
►นวนิยาย:l:Fiction
บนชั้น

รายการใกล้เคียง
    ผู้แต่ง [ฬีฬา]

BibComment


ยังไม่เคยถูกคอมเมนท์

คอมเมนท์ทรัพยากรรายการนี้
  คอมเมนท์: นางฟ้าในดวงใจ ฬีฬา


 Copyright 2026. Bcnsprnw @Library